| 000 | nam a22 7a 4500 | ||
|---|---|---|---|
| 999 |
_c233161 _d233161 |
||
| 003 | Nust | ||
| 005 | 20170303121727.0 | ||
| 008 | 170303b xxu||||| |||| 00| 0 eng d | ||
| 040 | _cDLC | ||
| 082 | _a 297.6421 QUR | ||
| 245 |
_a Circulation Issues Issue to: Submit Returns Reserve List Transfers Patrons Search: Search Catalog Quick Search: Start search Cataloging Add MARC Acquisitions Authorities Serials Virtual Shelves Accounts and Reports Koha Administration System Administration System Preferences About Koha Logged in as: Tanveer Log Out Prophet Muhammad's Wives and Orientalists/ _cQureshi, Zafar Ali |
||
| 260 |
_aLahore : _bFerozsons, |
||
| 300 |
_a175p. : _c23 cm |
||
| 942 |
_2ddc _cBK |
||